| 000 | 00587cam a2200229 4500 | ||
|---|---|---|---|
| 001 | J635 | ||
| 008 | 090401t xxu||||| |||| 00| 0 eng d | ||
| 035 | _a(Sirsi) u75924 | ||
| 041 | _aeng | ||
| 050 | _a332.6324 | ||
| 110 |
_aAllsop and Co _92757 |
||
| 245 | _aMarket report. - 1976 - 1980 | ||
| 260 |
_aLondon _bAllsop and Co. _c1977-81 |
||
| 300 | _a5 pt. ; 30cm. | ||
| 350 | _a0 | ||
| 520 | _aIncludes the Allsop Schedule of Investment Yields from 1929. | ||
| 650 | _aLONDON | ||
| 650 | _aPROPERTY INVESTMENT | ||
| 650 | _aPROPERTY MARKET | ||
| 942 | _n0 | ||
| 948 | _c04/03/1997 | ||
| 999 |
_c96092 _d96092 |
||